01095nam a22002297a 45000010005000000030006000050050017000110080041000280200018000690400029000870500008001160820014001241000018001382450096001562600038002523000048002905050008003385200428003465210035007745210020008096500036008296244FISKH20250815121314.0250404b cb ||||| |||| 00| 0 eng d a9789814281324 aFISKHbengcFISKHdFISKH aPZ7 a398.20942 aGiles, Jenny  aRobin Hood and the silver trophy /cRetold by Jenny Giles ; Illustrated by John Fairbridge  aMilburn : bNelson Price, c2000. a32 pages : bcolor illustrations ;c 21 cm  aM  aThe Robin Hood legend is part fact and part fiction. A yeoman turned outlaw, Robin Hood lived in Barnsdale Forest (adjoining Sherwood) early in the 14th century. His exploits were described in popular ballads of which a few have survived. Confusion was caused by later writers. By 1600, the Robin Hood of the ballads had been fused in new stories with an earlier outlaw of noble birth. Set in Nottingham England about 1320.8 a530 bLexile level adjusted 8 aM bRaz-Plus  a Fables and Tales vFairy tales